| 000 | 00830cam a22002655a 4500 | ||
|---|---|---|---|
| 001 | 016747560 | ||
| 003 | OSt | ||
| 005 | 20160424140814.0 | ||
| 008 | 140414s2014 enka frb 001 0 eng d | ||
| 020 | _z9780128008591 (hbk.) | ||
| 040 |
_aStDuBDS _beng _cStDuBDS _epn _dEG-ScBUE |
||
| 082 | 0 | 4 |
_a624.18341 _222 _bGUO |
| 100 | 1 |
_aGuo, Zhenhai. _939893 |
|
| 245 | 1 | 0 |
_aPrinciples of reinforced concrete / _cZhenhai Guo. |
| 250 | _a1st ed. | ||
| 260 |
_aOxford ; _aWaltham : _bButterworth-Heinemann / Elsevier, _c2014. |
||
| 300 |
_axvi, 590 p. : _bill. ; _c24 cm. |
||
| 500 | _aIndex : p. 581-590. | ||
| 504 | _aBibliography : p. 559-580. | ||
| 650 | 7 |
_aReinforced concrete construction. _2BUEsh _917951 |
|
| 650 | 7 |
_aBuildings, Reinforced concrete _939894 _2BUEsh |
|
| 651 | _2BUEsh | ||
| 653 |
_bBUSADM _cApril2016 |
||
| 942 | _2ddc | ||
| 999 |
_c21677 _d21649 |
||